Focus groups : (Record no. 8107)

MARC details
000 -LEADER
fixed length control field 01209cam a2200325 a 4500
001 - CONTROL NUMBER
control field 15299223
003 - CONTROL NUMBER IDENTIFIER
control field OSt
005 - DATE AND TIME OF LATEST TRANSACTION
control field 20230322155559.0
008 - FIXED-LENGTH DATA ELEMENTS--GENERAL INFORMATION
fixed length control field 080521s2009 caua b 001 0 eng
010 ## - LIBRARY OF CONGRESS CONTROL NUMBER
LC control number 2008022451
020 ## - INTERNATIONAL STANDARD BOOK NUMBER
International Standard Book Number 9781412969475 (spiral)
020 ## - INTERNATIONAL STANDARD BOOK NUMBER
International Standard Book Number 1412969476 (spiral)
035 ## - SYSTEM CONTROL NUMBER
System control number (OCoLC)228632878
040 ## - CATALOGING SOURCE
Original cataloging agency DLC
Transcribing agency DLC
Modifying agency BTCTA
-- YDXCP
-- C#P
-- BWX
-- CDX
-- IAY
-- DLC
050 00 - LIBRARY OF CONGRESS CALL NUMBER
Classification number H61.28
Item number .K78 2009
082 00 - DEWEY DECIMAL CLASSIFICATION NUMBER
Classification number 361.6KRU 2009
Edition number 22
100 1# - MAIN ENTRY--PERSONAL NAME
Personal name Krueger, Richard A.
9 (RLIN) 5012
245 10 - TITLE STATEMENT
Title Focus groups :
Remainder of title a practical guide for applied research /
Statement of responsibility, etc. Richard A. Krueger, Mary Anne Casey.
250 ## - EDITION STATEMENT
Edition statement 4th ed.
260 ## - PUBLICATION, DISTRIBUTION, ETC. (IMPRINT)
Place of publication, distribution, etc. Los Angeles :
Name of publisher, distributor, etc. SAGE,
Date of publication, distribution, etc. c2009.
300 ## - PHYSICAL DESCRIPTION
Extent xviii, 219 p. :
Other physical details ill. ;
Dimensions 24 cm.
504 ## - BIBLIOGRAPHY, ETC. NOTE
Bibliography, etc Includes bibliographical references (p. 207-208) and indexes.
650 #0 - SUBJECT ADDED ENTRY--TOPICAL TERM
Topical term or geographic name as entry element Focus groups.
9 (RLIN) 5010
650 #0 - SUBJECT ADDED ENTRY--TOPICAL TERM
Topical term or geographic name as entry element Social sciences
General subdivision Methodology.
9 (RLIN) 6807
700 1# - ADDED ENTRY--PERSONAL NAME
Personal name Casey, Mary Anne.
9 (RLIN) 16534
856 41 - ELECTRONIC LOCATION AND ACCESS
Materials specified Table of contents only
Uniform Resource Identifier http://www.loc.gov/catdir/toc/ecip0819/2008022451.html
906 ## - LOCAL DATA ELEMENT F, LDF (RLIN)
a 7
b cbc
c orignew
d 1
e ecip
f 20
g y-gencatlg
942 ## - ADDED ENTRY ELEMENTS (KOHA)
Source of classification or shelving scheme Dewey Decimal Classification
Koha item type Open Shelf
Holdings
Withdrawn status Lost status Source of classification or shelving scheme Damaged status Not for loan Home library Current library Date acquired Source of acquisition Inventory number Total Checkouts Full call number Barcode Date last seen Price effective from Koha item type
    Dewey Decimal Classification     MUST Main Library MUST Main Library 22/03/2023 Purchase 13/37188   361.6KRU 2009 2023-0388 22/03/2023 22/03/2023 Open Shelf